| 000 | 00849aam a2200325 4500 | ||
|---|---|---|---|
| 005 | 20230823153634.0 | ||
| 008 | 150715s2004 xxu||||| |||| 00| 0 spa d | ||
| 020 | _a9687999195 | ||
| 041 | _aESP | ||
| 082 | _a465 B582b | ||
| 245 | _aLa Biblia de la Gramática | ||
| 260 | _aMéxico | ||
| 260 | _bEditorial Letrarte | ||
| 260 | _c2004 | ||
| 300 | _a1037 páginas | ||
| 505 | _aContiene disco compacto N° 304 | ||
| 650 | _aGRAMÁTICA | ||
| 650 | _a LENGUAJE | ||
| 650 |
_a MORFOSINTAXIS _931243 |
||
| 650 |
_aORACIÓN GRAMATICAL _929438 |
||
| 650 | _aCOMUNICACIÓN | ||
| 650 |
_aACENTO _920964 |
||
| 650 |
_aORACIÓN SIMPLE _920505 |
||
| 650 |
_aORACIÓN COMPUESTA _920506 |
||
| 650 |
_aLITERATURA _97210 |
||
| 650 |
_aCONJUGACIONES _931244 |
||
| 650 |
_aACENTO _920964 |
||
| 650 |
_aSIGNOS DE PUNTUACIÓN _98826 |
||
| 942 | _cBK | ||
| 999 |
_c1733 _d1733 |
||